vampire - olivia rodrigo lyrics - Statistics

General Stats
  • This quiz has been taken 641 times
  • The average score is 291 of 384
Answer Stats
lyrics % Correct
a
98%
i
98%
you
97%
you,
97%
me
94%
me,
94%
the
93%
your
93%
to
92%
so
91%
vampire
89%
it
88%
as
86%
fame
86%
look
86%
was
86%
at
85%
but
85%
god,
85%
god
85%
do
84%
how
84%
like
84%
for
83%
made
83%
fucker
82%
hate
82%
know
82%
now
81%
you're
81%
some
80%
way
80%
bloodsucker,
79%
love,
79%
love
79%
out
79%
out,
79%
big
78%
naive
78%
dry
77%
fine
77%
give
77%
into
77%
mistakes
77%
of
77%
one
77%
real
77%
'cause
76%
night
76%
sold
76%
teeth
76%
worst
76%
and
75%
come
75%
doing
75%
goddamn
75%
only
75%
think
75%
asking
74%
satisfaction
74%
smart
74%
care
73%
i've
73%
make
73%
parts
73%
about?
72%
bleedin'
72%
when
72%
strange
71%
used
71%
oh
70%
oh,
70%
people
70%
got
69%
known
69%
pretend
69%
be
68%
castle
68%
should've
67%
what
67%
guy,
66%
cool
65%
how's
65%
just
65%
girl
64%
sunk
64%
built
63%
wanted
61%
my
60%
too
59%
see
58%
can't
57%
ever
56%
lie
56%
that
56%
loved
55%
bad,
54%
bad
54%
crazy,
54%
crazy
54%
off
54%
paradise
54%
called
53%
close
53%
eyes
53%
them
53%
truly
53%
were
53%
months
52%
six
52%
torture
52%
true
52%
news
51%
said
51%
forbidden
50%
stupidity
50%
told
50%
every
49%
laugh
49%
never
49%
would
49%
heart
48%
parties
48%
sometimes
48%
talked
48%
convincing
47%
diamonds
47%
gotta
47%
had
47%
without
47%
mean
46%
flinching?
44%
anyone
43%
hard?
43%
age
42%
better
41%
girls
41%
wouldn't
41%
her
40%
not
39%
tried
38%
up
38%
fucked
37%
help
37%
thrill
37%
little
36%
understand
36%
will
35%
figure
33%
i'll
33%
knows
32%
thing
32%
kind
27%
mesmerizing,
27%
paralyzing,
26%
'em
25%
went
19%
think's
18%
No matching quizzes found
Score Distribution
Percent of People with Each Score
Percentile by Number Answered
Your Score History
You have not taken this quiz